Normal view
MARC view
Entry Topical Term
001 - CONTROL NUMBER
- control field: 27822
003 - CONTROL NUMBER IDENTIFIER
- control field: OSt
005 - DATE AND TIME OF LATEST TRANSACTION
- control field: 20210929153249.0
008 - FIXED-LENGTH DATA ELEMENTS
- fixed length control field: 210929|| aca||aabn | a|a d
040 ## - CATALOGING SOURCE
- Original cataloging agency: OSt
- Transcribing agency: OSt
150 ## - HEADING--TOPICAL TERM
- Topical term or geographic name entry element: Children born of war, Post-conflict reconstruction, Survivor-led approaches, Transformative justi
670 ## - SOURCE DATA FOUND
- Source citation: Work cat.: (OSt): Baines, Erin Oliveira, Camile 27821, Securing the future: Transformative justice and children ‘born of war’
